000 00744nmc a2200265 a 4500
003 AR-X00000XY
005 20251128211902.0
008 187020s2006 ||||||||||||||000 | spa||
020 _a950-892-253-2
040 _cAR-X00000XY
100 1 _aCazas, Fernando
245 1 0 _aEnseñar filosofía en el siglo XXI
_bherramientas para trabajar en el aula
250 _a1ª ed.
260 _aBuenos Aires
_bLugar Editorial
_c2006
300 0 _a182 p.
490 0 _aEn las aulas
504 _aContiene bibliografía en p.178-180
650 4 _aENSENANZA DE LA FILOSOFIA
650 4 _aDIDACTICA
650 4 _aGUIAS PEDAGOGICAS
650 4 _aACTIVIDADES DE LA CLASE
653 _aESTRATEGIAS DIDACTICAS
942 _cBK
998 _cNancy
999 _c21473
_d21473